Principles of measurement systems / (Record no. 548666)
[ view plain ]
| 000 -LEADER | |
|---|---|
| fixed length control field | 00736cam a2200217 a 4500 |
| 020 ## - INTERNATIONAL STANDARD BOOK NUMBER | |
| International Standard Book Number | 0470210567 (Wiley) |
| 082 00 - DEWEY DECIMAL CLASSIFICATION NUMBER | |
| Classification number | 681.2 |
| Author Mark | BEN |
| -- | L-21, P-80 |
| 100 1# - MAIN ENTRY--PERSONAL NAME | |
| Personal name | Bentley, John P., |
| 9 (RLIN) | 39823 |
| 245 10 - TITLE STATEMENT | |
| Title | Principles of measurement systems / |
| Statement of responsibility, etc. | John P. Bentley. |
| 250 ## - EDITION STATEMENT | |
| Edition statement | 2nd ed. |
| 260 ## - PUBLICATION, DISTRIBUTION, ETC. | |
| Place of publication, distribution, etc. | Burnt Mill, Harlow, Essex, England : |
| Name of publisher, distributor, etc. | Longman Scientific & Technical ; |
| Place of publication, distribution, etc. | New York : |
| Name of publisher, distributor, etc. | Wiley, |
| Date of publication, distribution, etc. | 1988. |
| 300 ## - PHYSICAL DESCRIPTION | |
| Extent | xiv, 503 p. : |
| Other physical details | ill. ; |
| Dimensions | 24 cm. |
| 500 ## - GENERAL NOTE | |
| General note | Includes index. |
| 526 ## - STUDY PROGRAM INFORMATION NOTE | |
| Program name | 0 |
| Interest level | 0 |
| Reading level | 0 |
| Title point value | 681_200000000000000_BEN |
| 650 #0 - SUBJECT ADDED ENTRY--TOPICAL TERM | |
| Topical term or geographic name entry element | Automatic control. |
| 9 (RLIN) | 26207 |
| 650 #0 - SUBJECT ADDED ENTRY--TOPICAL TERM | |
| Topical term or geographic name entry element | Engineering instruments. |
| 9 (RLIN) | 7429 |
| 650 #0 - SUBJECT ADDED ENTRY--TOPICAL TERM | |
| Topical term or geographic name entry element | MCE |
| 9 (RLIN) | 379 |
| 650 #0 - SUBJECT ADDED ENTRY--TOPICAL TERM | |
| Topical term or geographic name entry element | Physical instruments. |
| 9 (RLIN) | 39824 |
| 650 #0 - SUBJECT ADDED ENTRY--TOPICAL TERM | |
| Topical term or geographic name entry element | Physical measurements. |
| 9 (RLIN) | 39825 |
| 942 ## - ADDED ENTRY ELEMENTS (KOHA) | |
| Source of classification or shelving scheme | |
| Koha item type | Book |
| Withdrawn status | Lost status | Source of classification or shelving scheme | Damaged status | Not for loan | Permanent Location | Current Location | Date acquired | Total Checkouts | Full call number | Barcode | Date last seen | Price effective from | Koha item type |
|---|---|---|---|---|---|---|---|---|---|---|---|---|---|
| Military College of Engineering (MCE) | Military College of Engineering (MCE) | 09/04/2014 | 681.2 BEN | MCE-28473 | 09/04/2014 | 09/04/2014 | Book |
